000 00687nam a2200205 a 4500
005 20210219160537.0
008 081110s2000 mx r 000 0 spa d
020 _a9688376434
035 _aUPN01000167570
049 _aUNE
080 _a338: 622.323 (532) MUS No.19.
100 1 _aMusalem, Doris
245 1 0 _aArabia saudita: petróleo y modernidad/ por Doris Musalem.
260 _aMéxico : UNAM. Coordinación de Humanidades, 1986.
300 _a27 p.; 21 cm. map.
440 0 _aGrandes tendencias políticas contemporáneas; 19
690 _aCrecimiento economico- Petroleo- Arabia Saudita
690 _aDesarrollo economico y social- Arabia Saudita
905 _aUNESCO
999 _c139681
_d139681